00751nam a22002057a 450000500170000001000150001702000270003203500140005903700130007308200130008610000240009924500860012326000370020927000690024630000200031550000380033594200270037399900190040095201260041920180702164149.0 aENG-123192 a9789382630838c1095.00 aEN-106724 bDBAD/PUB a883.9209 aSingh, Krishna Kant aEthos of cross-culturalism and the novels of Amitav Ghosh/cby Krishna Kant Singh aJaipurbAadi Publications c2016 aF-11, S.S. Tower, Dhamani Street, Chaura Rasta, bJaipure302003 a180p.c22cm(Hb) ait include bibliography and index 2ddccENmSINh883.9209 c152645d152645 001040718NFICaDBADbLd2018-06-11eDBAD/PUBg1095.00l0o883.9209 SINpEN-106724r2018-06-11 00:00:00t1v1095.00yEN